Shah Wali Ullah Ki Umrani Nazri : / شاہ ولی اللہ کے عمرانی نظریے (Record no. 26215)

MARC details
000 -LEADER
fixed length control field 00595nam a22001817a 4500
003 - CONTROL NUMBER IDENTIFIER
control field BDDh-ASL
005 - DATE AND TIME OF LATEST TRANSACTION
control field 20231015030621.0
008 - FIXED-LENGTH DATA ELEMENTS--GENERAL INFORMATION
fixed length control field 211005s1946 p ||||| |||| 00| 0 u d
040 ## - CATALOGING SOURCE
Original cataloging agency BDDh-ASL
Transcribing agency BDDh-ASL
082 ## - DEWEY DECIMAL CLASSIFICATION NUMBER
Classification number 909
Item number MUS
100 1# - MAIN ENTRY--PERSONAL NAME
9 (RLIN) 4703
Personal name Muhsini, Shamsur Rahman
245 10 - TITLE STATEMENT
Title Shah Wali Ullah Ki Umrani Nazri : / شاہ ولی اللہ کے عمرانی نظریے
246 ## - VARYING FORM OF TITLE
Title proper/short title Shah Wali Ullah Ki Umrani Nazri
260 ## - PUBLICATION, DISTRIBUTION, ETC.
Place of publication, distribution, etc. Lahore :
Name of publisher, distributor, etc. Sindh Sagar Academy ,
Date of publication, distribution, etc. 1946.
300 ## - PHYSICAL DESCRIPTION
Extent 142 p. :
Dimensions 18 cm.
650 #0 - SUBJECT ADDED ENTRY--TOPICAL TERM
Topical term or geographic name entry element Civilization
Form subdivision Civilization Studies
9 (RLIN) 2822
942 ## - ADDED ENTRY ELEMENTS (KOHA)
Source of classification or shelving scheme Dewey Decimal Classification
Koha item type Books
Holdings
Withdrawn status Lost status Source of classification or shelving scheme Damaged status Not for loan Collection code Home library Current library Shelving location Date acquired Source of acquisition Serial Enumeration / chronology Total Checkouts Full call number Barcode Date last seen Copy number Price effective from Koha item type
    Dewey Decimal Classification     Non-fiction Asiatic Society Library Asiatic Society Library General Stacks 10/05/2021 ASB Library Collection U-0096   909 MUS 112214 10/05/2021 C-1 10/05/2021 Books

Powered by Koha